000 00601nam a22001817a 4500
008 130821s1907 fr gr fre
040 _aCo-BoUCM
_bspa
041 0 0 _afre
100 _aGide, André
_d1869-1951
_998834
245 0 0 _aLe retour de l'enfant prodigue
_cAndré Gide
260 _aParís (Francia)
_bLibrairie Gallimard
_c1907
300 _a234 páginas
650 0 4 _aLiteratura francesa
_ySiglo XX
_97794
650 0 4 _aParábolas bíblicas
_921053
650 0 4 _aRelatos bíblicos
_923488
942 _cLIBRO
_a4
_e1
_mG43D
_n0
_2DEWEY
_h220.9505
999 _c87254
_d87254